Départements fusionnés en images #2 - Statistiques

Statistiques générales
  • Ce quiz a été pris 36 fois
  • Le résultat moyen est 10 sur 15
Statistiques - réponses
Par images Réponse % Correct
Gironde | Landes
100%
Côtes-d'Armor | Finistère
93%
Pas-de-Calais | Somme
72%
Ardennes | Marne
69%
Allier | Puy-de-Dôme
66%
Calvados | Orne
66%
Deux-Sèvres | Vendée
66%
Gers | Tarn-et-Garonne
66%
Hauts-de-Seine | Val-de-Marne
66%
Meurthe-et-Moselle | Moselle
66%
Indre-et-Loire | Loir-et-Cher
59%
Ariège | Aude
55%
Savoie | Haute-Savoie
55%
Drôme | Vaucluse
48%
Haut-Rhin | Territoire de Belfort
48%
Aucun quiz correspondant
Distribution des résultats
% des personnes avec chaque résultat
Percentile par nombre de réponses
Votre historique - résultats
Vous n’avez pas pris ce quiz